| 000 | 01115nam a2200217Ia 4500 | ||
|---|---|---|---|
| 003 | Ost | ||
| 005 | 20260416102400.0 | ||
| 008 | 260416s9999||||xx |||||||||||||| ||und|| | ||
| 040 | _cfsecg | ||
| 041 | _aara | ||
| 082 | _a336 | ||
| 100 |
_aبوغزالة محمد، نجلاء _eمؤلف |
||
| 245 | 0 |
_aالمالية العامة : _bمقدمة لطلبة السنة الثانية ليسانس (ل م د) / _c نجلاء بوغزالة محمد |
|
| 260 |
_aالجزائر _bجامعة الجزائر3: كلية العلوم الإقتصادية، العلوم التجارية وعلوم التسيير _c2023 |
||
| 300 |
_a102 ورقة _bايضاحات _c12 سم |
||
| 504 | _aالمراجع ص.99 | ||
| 520 | _aمقاربة نظرية حول المالية العامة،النفقات العامة،الإيرادات العامة ،الميزانية العامة للدولة. | ||
| 653 | _aالمالية العامة | ||
| 710 |
_aجامعة الجزائر3: كلية العلوم الإقتصادية، العلوم التجارية وعلوم التسيير _eناشر علمي |
||
| 942 | _cHANDOUT | ||
| 999 |
_c41406 _d41406 |
||